Ecoing-silence of the falling leaves / (Record no. 55539)

MARC details
000 -LEADER
fixed length control field 00788nam a22002417a 4500
005 - DATE AND TIME OF LATEST TRANSACTION
control field 20110810113757.0
008 - FIXED-LENGTH DATA ELEMENTS--GENERAL INFORMATION
fixed length control field 110810t xxu||||| |||| 00| 0 eng d
010 ## - LCCN (DPL NO)
LC control number ENG-103462
020 ## - INTERNATIONAL STANDARD BOOK NUMBER
International Standard Book Number 9788189438814
Terms of availability 450.00
035 ## - SYSTEM CONTROL NUMBER
System control number EN-86995
037 ## - SOURCE OF ACQUISITION
Source of stock number/acquisition DBAD/PUB
040 ## - CATALOGING SOURCE
Original cataloging agency DPL
Language of cataloging Eng
082 ## - DEWEY DECIMAL CLASSIFICATION NUMBER
Classification number 881
100 ## - MAIN ENTRY--PERSONAL NAME
9 (RLIN) 31629
Personal name Bharati, Swadesh
245 ## - TITLE STATEMENT
Title Ecoing-silence of the falling leaves /
Statement of responsibility, etc by Swadesh Bharati
260 ## - PUBLICATION, DISTRIBUTION, ETC. (IMPRINT)
Place of publication, distribution, etc Kolkata
Name of publisher, distributor, etc Asian Press
Date of publication, distribution, etc 2010
270 ## - ADDRESS
Address 3, Gibson Lane
City Kolkata
Postal code 700069
Electronic mail address editor@rashtrabhasha.com
300 ## - PHYSICAL DESCRIPTION
Extent 224p.
Dimensions 22cm (Hb)
650 ## - SUBJECT ADDED ENTRY--TOPICAL TERM
9 (RLIN) 31639
700 ## - ADDED ENTRY--PERSONAL NAME
9 (RLIN) 31640
942 ## - ADDED ENTRY ELEMENTS (KOHA)
Source of classification or shelving scheme Dewey Decimal Classification
Item type English Books
Call number suffix BHA
Classification part 881
Holdings
Withdrawn status Lost status Source of classification or shelving scheme Damaged status Not for loan Collection code Home library Current library Date acquired Source of acquisition Cost, normal purchase price Total Checkouts Full call number Barcode Date last seen Copy number Cost, replacement price Koha item type
    Dewey Decimal Classification   Not For Loan Non-fiction D.B.Act.Division Central Library 17/08/2011 DBAD / PUB 450.00   881BHA EN-86995 17/08/2011 1 450.00 English Books

© Delhi Public Library
Hit Counter
free hit counter